| 000 | 00502nam a2200145Ia 4500 | ||
|---|---|---|---|
| 008 | 151021s9999 xx 000 0 und d | ||
| 020 | _a226253287 | ||
| 050 | _aQL 737.57 F48 1988 | ||
| 245 | _a_The Short-tailed Fruit Bat A Study in Plant -Animal Interactions / Theodore H. Fleming | ||
| 260 | _aChicago : University of Chicago Press, 1988 | ||
| 300 | _axii,359 p. | ||
| 500 | _aIncludes index | ||
| 650 | _a_Evolution \ and Ecology of Phyllostomid Bats | ||
| 980 | _a^d20110705 02:07:45^okilerai | ||
| 999 |
_c7386 _d7386 |
||